Countries that have legalized same-sex marriage - Map - Statistics

General Stats
  • This quiz has been taken 124 times
  • The average score is 33 of 38
Answers on the Map
Answers color-coded by a green-red scale on the quiz's map according to % correct below.
 
Answer Stats
Answer % Correct
United States
100%
Canada
99%
France
98%
Spain
98%
United Kingdom
98%
Ireland
95%
Portugal
95%
Brazil
94%
Germany
94%
Mexico
94%
Netherlands
94%
Norway
94%
Sweden
94%
Denmark
93%
Australia
92%
Chile
92%
Finland
92%
Iceland
92%
Argentina
91%
Belgium
91%
New Zealand
91%
Greece
90%
Switzerland
89%
Colombia
86%
Austria
85%
South africa
85%
Uruguay
82%
Luxembourg
81%
Ecuador
80%
Estonia
78%
Costa Rica
76%
Malta
76%
Liechtenstein
75%
Cuba
74%
Slovenia
74%
Taiwan
74%
Thailand
72%
Andorra
69%
No matching quizzes found
Score Distribution
Percent of People with Each Score
Percentile by Number Answered
Your Score History
You have not taken this quiz